Las multiclases: programa gráfico para la facilitación de los cambios de criterios clasificatorios

Spremljeno u:
Bibliografski detalji
Glavni autori: Feldman, Jacobo (Autor), Araujo, Teresa (Autor)
Format: Knjiga
Jezik:španjolski
Izdano: Buenos Aires Médica Panamericana 1982
Teme:
Oznake: Dodaj oznaku
Bez oznaka, Budi prvi tko označuje ovaj zapis!

MARC

LEADER 00000nam a2200000 a 4500
001 UCY9397
003 CL-VaPUC
008 950717e19820000AG |||||||||||||||||spa|d
082 0 4 |a 371.904  |b FEL  |2 21 
100 0 |a Feldman, Jacobo  |e author  |9 341514 
700 0 |a Araujo, Teresa  |e author  |9 341515 
245 1 4 |a Las multiclases: programa gráfico para la facilitación de los cambios de criterios clasificatorios 
300 |a 144 p 
942 |c BK 
945 |d 19950717 00:00:00  |a mfernand 
260 |a Buenos Aires  |b Médica Panamericana  |c 1982 
650 0 |a Educación especial  |9 307486 
650 0 |a Desarrollo del lenguaje   |9 311270 
650 0 |a Procesos de aprendizaje  |9 309161 
650 0 |a Trastornos del aprendizaje  |9 307969 
650 0 |a Comunicación   |9 257251 
650 7 |a MATERIAL Y EQUIPO DIDACTICOS  |2 CL-VaPUC  |9 309109 
583 |a last modification  |c 19950717 00:00:00  |k Rodrigo Vera 
999 |c 236495  |d 236493 
952 |0 0  |1 0  |4 0  |6 371_904000000000000_FEL_1982  |7 0  |8 P  |9 244619  |a BIBEDU  |b BIBEDU  |c BIBEDU_PB  |d 2019-11-18  |i 153355K  |o 371.904 FEL 1982  |p 153355K  |r 2024-01-25  |w 2019-11-18  |y BK  |k EDU 
952 |0 0  |1 0  |4 0  |6 371_904000000000000_FEL_1982  |7 0  |8 P  |9 244620  |a BIBEDU  |b BIBEDU  |c BIBEDU_PB  |d 2019-11-18  |i 1533568  |o 371.904 FEL 1982  |p 1533568  |r 2024-01-25  |w 2019-11-18  |y BK  |k EDU